| 000 | 01315nab a22002537a 4500 | ||
|---|---|---|---|
| 999 |
_c5921 _d5921 |
||
| 003 | OSt | ||
| 005 | 20260114005942.0 | ||
| 008 | 190605e xxu||||| |||| 00| 0 spa d | ||
| 040 | _cPJ | ||
| 100 |
_95129 _aSfeir, Santiago L. |
||
| 245 | 1 | 3 |
_aLa noción de riesgo empresario y su incidencia en la finalización de los contratos de trabajo / _cSantiago L. Sfeir. |
| 260 |
_aCiudad Autónoma de Buenos Aires : _bThomson Reuters La Ley, _c2024. |
||
| 300 | _ap. 53-56 | ||
| 500 | _aCita: TR LALEY AR/DOC/3000/2023. | ||
| 505 | _aSumario: I. Introducción.— II. El art. 247 LCT como causal de extinción del contrato de trabajo.— III. El riesgo empresario y su viabilidad frente a los vaivenes del mercado.— IV. Disquisiciones finales. La aplicación restrictiva del art. 247 LCT y su directa incidencia en la crisis de empresa. | ||
| 505 | _t¿Te interesa el texto completo? Solicitalo al correo: koha@justierradelfuego.gov.ar | ||
| 650 | 0 |
_91316 _aDERECHO LABORAL |
|
| 650 | 0 |
_91323 _aCONTRATO DE TRABAJO |
|
| 650 | 0 |
_91803 _aRELACIONES LABORALES |
|
| 650 | 0 |
_94428 _aRELACIÓN DE DEPENDENCIA |
|
| 650 | 0 |
_91402 _aJORNADA DE TRABAJO |
|
| 773 | 0 |
_02711 _93168 _dCiudad Autónoma de Buenos Aires : Thomson Reuters La Ley, 1999-2002. _tRevista de derecho del trabajo. Nº 1 - Enero 2024 |
|
| 942 |
_2udc _cANA |
||